000
00353nam a2200133Ia 4500
008
151001s9999||||xx |||||||||||||| ||und||
100
_a
हॅरॉल्ड रॉबिन्स
245
_a
हे बंद वात्सल्याचे
250
_a
1
260
_b
क्ष
260
_c
1990
300
_a
704
365
_b
21
999
_c
968076
_d
968073